01079cam a22002651 4500001001300000003000400013005001700017008004100034010001700075035002000092040004600112050001500158100005000173245014600223260004000369300002300409490004500432490003900477500007600516650003500592651003000627651003500657830004500692830007600737sd 60000002 DLC20260227112736.0920417r19601959dcu f000 0 eng c asd 60000002  a(OCoLC)25667543 aU.S. Dept. of State. LibrarycDSdDSdDLC00aE744b.F771 aFoster, H. Schuylerq(Harry Schuyler),d1905-10aAmerican public opinion and U.S. foreign policy.b[Address made before the Middletown University Club at Middletown, Conn., on Oct. 15, 1959. aWashington]bDept. of Statec[1960] a19 p.c22 x 10 cm.1 a[U.S.] Dept. of State. Publicationv69251 aGeneral foreign policy seriesv146 a"Reprinted from the Department of State bulletin of November 30, 1959." 0aPublic opinionzUnited States. 0aUnited StatesxRelations. 0aUnited StatesxPublic opinion. 0aDepartment of State publication ;v6925. 0aDepartment of State publication.pGeneral foreign policy series ;v146.